<?xml version="1.0" encoding="UTF-8"?>
<record
    xmlns:xsi="http://www.w3.org/2001/XMLSchema-instance"
    xsi:schemaLocation="http://www.loc.gov/MARC21/slim http://www.loc.gov/standards/marcxml/schema/MARC21slim.xsd"
    xmlns="http://www.loc.gov/MARC21/slim">

  <leader>00983cam a2200265 a 4500</leader>
  <controlfield tag="001">34102</controlfield>
  <controlfield tag="003">BD-RjUL</controlfield>
  <controlfield tag="005">20211209052115.0</controlfield>
  <controlfield tag="008">140514r19451944enkabef       001 0 eng d</controlfield>
  <datafield tag="035" ind1=" " ind2=" ">
    <subfield code="a">(BD-RjUL)34196</subfield>
  </datafield>
  <datafield tag="040" ind1=" " ind2=" ">
    <subfield code="a">Harvard univ. Library</subfield>
    <subfield code="c">OHI</subfield>
    <subfield code="b">eng</subfield>
    <subfield code="d">DLC</subfield>
    <subfield code="d">BD-RjUL</subfield>
  </datafield>
  <datafield tag="041" ind1=" " ind2=" ">
    <subfield code="a">eng</subfield>
  </datafield>
  <datafield tag="082" ind1="0" ind2="4">
    <subfield code="a">301.35</subfield>
    <subfield code="b">UNC 1945</subfield>
  </datafield>
  <datafield tag="110" ind1="2" ind2=" ">
    <subfield code="a">University of Oxford.</subfield>
    <subfield code="b">Agricultural Economics Research Institute.</subfield>
    <subfield code="9">103672</subfield>
  </datafield>
  <datafield tag="245" ind1="1" ind2="0">
    <subfield code="a">Country planning :</subfield>
    <subfield code="b">a study of rural problems /</subfield>
    <subfield code="c">by the Agricultural Economics Research Institute, Oxford</subfield>
  </datafield>
  <datafield tag="260" ind1=" " ind2=" ">
    <subfield code="a">London :</subfield>
    <subfield code="b">Oxford University Press,</subfield>
    <subfield code="c">1944 [Reprinted 1945].</subfield>
  </datafield>
  <datafield tag="300" ind1=" " ind2=" ">
    <subfield code="a">vi, 288 p. [20]p. :</subfield>
    <subfield code="b">ill.;</subfield>
    <subfield code="c">19 cm</subfield>
  </datafield>
  <datafield tag="504" ind1=" " ind2=" ">
    <subfield code="a">Includes index.</subfield>
  </datafield>
  <datafield tag="650" ind1=" " ind2="0">
    <subfield code="a">Sociology, Rural</subfield>
    <subfield code="z">Great Britain</subfield>
    <subfield code="9">103667</subfield>
  </datafield>
  <datafield tag="650" ind1=" " ind2="0">
    <subfield code="a">Regional planning</subfield>
    <subfield code="z">Great Britain</subfield>
    <subfield code="9">103668</subfield>
  </datafield>
  <datafield tag="650" ind1=" " ind2="0">
    <subfield code="a">Sociology, Rural</subfield>
    <subfield code="z">England</subfield>
    <subfield code="z">Oxfordshire.</subfield>
    <subfield code="9">103669</subfield>
  </datafield>
  <datafield tag="650" ind1=" " ind2="0">
    <subfield code="a">Regional planning</subfield>
    <subfield code="z">England</subfield>
    <subfield code="z">Oxfordshire.</subfield>
    <subfield code="9">103670</subfield>
  </datafield>
  <datafield tag="942" ind1=" " ind2=" ">
    <subfield code="2">ddc</subfield>
    <subfield code="c">BK</subfield>
  </datafield>
  <datafield tag="999" ind1=" " ind2=" ">
    <subfield code="c">34102</subfield>
    <subfield code="d">34102</subfield>
  </datafield>
  <datafield tag="952" ind1=" " ind2=" ">
    <subfield code="0">0</subfield>
    <subfield code="1">0</subfield>
    <subfield code="2">ddc</subfield>
    <subfield code="4">0</subfield>
    <subfield code="7">0</subfield>
    <subfield code="8">NFIC</subfield>
    <subfield code="a">RUCL</subfield>
    <subfield code="b">RUCL</subfield>
    <subfield code="c">Reading</subfield>
    <subfield code="d">1956-11-05</subfield>
    <subfield code="e">B.H.Blackkwell</subfield>
    <subfield code="g">0.60</subfield>
    <subfield code="l">0</subfield>
    <subfield code="o">301.35 UNC 1945</subfield>
    <subfield code="r">2014-05-14 00:00:00</subfield>
    <subfield code="t">C-1</subfield>
    <subfield code="w">2014-05-14</subfield>
    <subfield code="y">BK</subfield>
  </datafield>
</record>
